Boletín /
Bewaard in:
| Coauteur: | |
|---|---|
| Formaat: | Boek |
| Taal: | Spanish |
| Gepubliceerd in: |
Ottawa, Canadá:
Consejo Mundial de Pueblos Indígenas,
1987-
|
| Onderwerpen: | |
| Tags: |
Voeg label toe
Geen labels, Wees de eerste die dit record labelt!
|
MARC
| LEADER | 00000nam a22000007a 4500 | ||
|---|---|---|---|
| 003 | cru CIDCACS/IIS | ||
| 005 | 20201106112327.0 | ||
| 008 | 201106s1987 -cn|||p|r||||||0| ||spa|d | ||
| 999 | |c 43486 |d 43486 | ||
| 040 | |c CRAI/IIS | ||
| 090 | |a REV0069 | ||
| 110 | 2 | |9 9626 |a Consejo Mundial de Pueblos Indígenas | |
| 245 | 1 | |a Boletín / |c Consejo Mundial de Pueblos Indígenas | |
| 260 | |a Ottawa, Canadá: |b Consejo Mundial de Pueblos Indígenas, |c 1987- | ||
| 270 | |a 555 King Edward Ave. Ontario | ||
| 500 | |a EXISTENCIAS : 1987 1 (2) 1988 2 (1-2) 1989 (oct) ESTADO DEL REGISTRO: Ya no se recibe | ||
| 650 | 4 | |9 3737 |a POBLACION INDIGENA | |
| 650 | 0 | |9 2142 |a DESARROLLO ECONOMICO | |
| 650 | 0 | |9 38 |a DERECHOS HUMANOS | |
| 651 | 0 | |9 17 |a AMERICA LATINA | |
| 942 | |2 ddc |c PP | ||
